00958 2200301 4500001002100000005001500021035002000036007000300056008004100059020002200100040002200122082001500144084001700159245006000176650001900236850001200255264002800267336002100295337002300316338003800339300003200377856007600409852002000485500006900505100003800574990002200612990002200634INLIS00000000086752120211129092730 a0010-1121001602ta210705s2012 jkia fs ind d a978-979-22-7873-6 aYOPDYOGbinderda04223a297.36 a297.36 ARI b14aBuku pintar khatib dan khotbah jumat /cArif Yosodipuro 4aKhotbah jum'at aYOPDYOG31aJakarta :bKalil,c2012 2rdacontentateks 2rdamediaakomputer 2rdacarrierasumber sambung jaring a1 berkas komputer (13,4 MB)40nPerpustakaan Digital iJogjauhttp://ijogja.id /publications/books/226718 aaplikasi iJogja aUntuk mengakses buku ini silakan unduh aplikasi http://ijogja.id0 aArif Yosodipurod1963-epengarang a003453-EPD/B.2017 a003454-EPD/B.2017